00801pam a2200253 a 4500001000500000005001700005020001800022040002300040050001400063082001700077100002000094245004700114250004300161260001900204300005700223505000800280520012800288521002000416521002000436650002000456650002200476650001400498700003500512244020250709094715.0 a9780590457811 aDLCcDLCdDLCbeng00aPZ8.M355400a398.245296331 aMarshall, James14aThe three little pigs cBy James, Marshall aFirst Scholastic printing , March 1992 aNew Yorkc1989 a29 unnumbered pages : bColor illustrations ;c27 cm aN  aRetells the familiar tale in which one of three brother pigs survives a wolf's attacks by using his head and planning well. a560 bLexile  aN bRaz-Plus  1aPigsvFolklore. 1aWolvesvFolklore. 1aFolklore.1 aMarshall, James eillustrator